[Event "45th Olympiad 2024"]
[Site "Budapest HUN"]
[Date "2024.09.16"]
[Round "6.85"]
[Board "4"]
[White "Powell, Malcolm"]
[Black "Pitamber, Sachin Dhilan"]
[Result "0-1"]
[WhiteElo "1545"]
[BlackElo "1719"]
[PlyCount "80"]
[EventDate "2024.09.11"]
[WhiteTeam "Cayman Islands"]
[BlackTeam "Guyana"]
[WhiteTeamCountry "CAY"]
[BlackTeamCountry "GUY"]

1. Nf3 d5 2. d4 Nf6 3. g3 c5 4. c4 e6 5. Bg2 Nc6 6. O-O dxc4 7. dxc5 Qxd1 8. Rxd1 Bxc5 9. a3 $146 ({RR} 9. Nc3 e5 10. Nd2 Be6 11. Nde4 Nxe4 12. Nxe4 Be7 13. Be3 O-O 14. Nc5 Bxc5 15. Bxc5 Rfc8 16. Rac1 h6 17. Rd6 Rab8 18. Kf1 a5 19. a3 b6 20. Be3 Nd4 21. Bxd4 exd4 22. Rxd4 Rc5 23. Ke1 Kf8 {0-1 Baratosi,D (2403)-Baklan,V (2651) ROM-chT Calimanesti 2014 (7.4)}) ({RR} 9. Nfd2 Na5 10. Na3 Bxa3 11. bxa3 Nd5 12. Ne4 O-O 13. Bd2 b6 14. Rac1 Ba6 15. Bxa5 bxa5 16. Nc5 Bb5 17. Bxd5 exd5 18. Rxd5 Rfd8 19. Rxd8+ Rxd8 20. Ne4 f5 21. Nc3 Bc6 22. f3 Kf7 23. Kf2 g5 {1-0 Carlsen,M (2837)-Harikrishna,P (2744) Wch Blitz Riadh 2017 (13)}) ({RR} 9. Nc3 a6 10. Bg5 Bd7 11. Bxf6 gxf6 12. Ne4 Be7 13. Nd6+ Bxd6 14. Rxd6 Ke7 15. Rad1 Rhd8 16. R6d2 e5 17. Nh4 Be6 18. Bxc6 Rxd2 19. Rxd2 bxc6 20. Ng2 Rb8 21. Ne3 Rb5 22. Rc2 Rc5 23. Nd1 Rd5 {½-½ Klaasen,R (1764)-Mogollon Tobar,N (2045) Olympiad Women 2024 (3.25)}) ({RR} 9. Nfd2 Na5 10. Na3 Bxa3 11. bxa3 Bd7 12. Bb2 Bb5 13. Bc3 Nc6 14. Rab1 Ba6 15. Ne4 Nxe4 16. Bxe4 O-O 17. Rd7 Rac8 18. a4 Rfe8 19. h4 Nb8 20. Rd6 Rc7 21. Rbd1 f5 22. Bf3 Kf7 23. e4 fxe4 {1-0 Harikrishna,P (2727)-Lu,S (2640) CHN-chT China 2018 (4.3)}) 9... O-O 10. Nc3 e5 11. Bg5 Ng4 12. Ne4 Bb6 13. h3 f5 14. hxg4 fxe4 15. Be3 exf3 16. exf3 Bxe3 17. fxe3 e4 18. f4 Bxg4 19. Rd2 Rfe8 20. Rc1 Na5 21. Rd5 b6 22. Bf1 Rad8 23. Rxd8 Rxd8 24. Bg2 Rd3 25. Bxe4 Rxe3 26. Bd5+ Kf8 27. Rc3 Rxc3 28. bxc3 Ke7 29. Kf2 Kd6 30. Bg8 Bf5 31. Kf3 h5 32. Bf7 g6 33. Ke3 Kc5 34. Kd2 Nb7 35. Be8 Nd6 36. Ba4 Ne4+ 37. Ke3 Nxc3 38. Be8 Ne4 39. Kf3 b5 40. Bf7 c3 0-1

[Event "45th Olympiad 2024"]
[Site "Budapest HUN"]
[Date "2024.09.16"]
[Round "6.87"]
[Board "1"]
[White "Koumba, Mounguen Jose Evrard"]
[Black "Gontcharov, Serguei"]
[Result "1-0"]
[WhiteElo "1957"]
[BlackElo "1927"]
[PlyCount "97"]
[EventDate "2024.09.11"]
[WhiteTeam "Gabon"]
[BlackTeam "Bermuda"]
[WhiteTeamCountry "GAB"]
[BlackTeamCountry "BER"]

1. e4 c5 2. Nf3 e6 3. Nc3 a6 4. d4 cxd4 5. Nxd4 Qc7 6. g3 Bb4 7. Bd2 Nc6 8. Nxc6 dxc6 ({RR} 8... bxc6 9. Qg4 Bf8 10. Bg2 Rb8 11. b3 Nf6 12. Qe2 e5 13. O-O Be7 14. f4 d6 15. Na4 O-O 16. c4 exf4 17. gxf4 Bg4 18. Qd3 Nd7 19. Rae1 Bh4 20. Re3 Rbe8 21. Bc3 f5 22. c5 fxe4 23. Bxe4 {1-0 Ivanov,A (2566)-Stripunsky,A (2565) Western States op 2005 (4)}) 9. Bg2 e5 10. O-O Bc5 11. b4 $146 ({RR} 11. a4 a5 12. Qe2 Nf6 13. Nd1 b6 14. Re1 O-O 15. Ne3 Ba6 16. Qf3 Rfd8 17. Rad1 Bb4 18. c3 Bf8 19. Bf1 Bd3 20. Bxd3 Rxd3 21. Qe2 Rd7 22. Nf5 Rad8 23. Bg5 Rxd1 24. Rxd1 Rxd1+ 25. Qxd1 Nxe4 {½-½ Fernandez Gonzalez,J (2385)-Gutierrez Herrera,J Capablanca Memorial-15 1979 (6)}) ({RR} 11. Na4 Bd4 12. c3 Ba7 13. c4 b5 14. Nc3 Nf6 15. cxb5 axb5 16. Rc1 Qd7 17. a4 O-O 18. axb5 cxb5 19. Bg5 Ng4 20. Qxd7 Bxd7 21. h3 h6 22. Be7 Rfe8 23. Nd5 Nxf2 24. Rxf2 Bxf2+ 25. Kxf2 Ra2 {0-1 Lenoir Ibacache,G (2228)-Herrera,J (2217) Titled Tue 16th Jul Early 2024 (7)}) ({RR} 11. Qe2 Be6 12. Be3 Bxe3 13. Qxe3 Nf6 14. Rfd1 O-O 15. Qc5 Rad8 16. Nd5 Qb8 17. Nxf6+ gxf6 18. b3 Rxd1+ 19. Rxd1 Rd8 20. Rxd8+ Qxd8 21. h3 Qd1+ 22. Kh2 {½-½ Soderborg,B (2115)-Andersson,S (2057) SWE-ch Veterans 2010 (6)}) 11... Bd4 12. Rc1 Nf6 13. Ne2 Ba7 14. c4 Be6 15. Qc2 c5 16. Nc3 Bxc4 17. Nd5 Bxd5 18. exd5 Rd8 19. Bg5 b6 20. Qa4+ Qd7 21. Qxa6 O-O 22. bxc5 bxc5 23. Bxf6 gxf6 24. Qxf6 Qd6 25. Qg5+ Kh8 26. Rfe1 f6 27. Qh6 Rde8 28. Rcd1 Bb8 29. Rb1 f5 30. Rb6 Qxh6 31. Rxh6 Rd8 32. Rd1 Rd6 33. Re6 e4 34. g4 fxg4 35. Bxe4 Kg7 36. Rb1 Rxe6 37. dxe6 Kf6 38. Bd5 Rd8 39. Bb3 h5 40. Re1 Bd6 41. Re2 Rc8 42. e7 Bxe7 43. Re6+ Kg5 44. Rxe7 c4 45. Bc2 h4 46. Re5+ Kf6 47. Re4 Rg8 48. Rxc4 g3 49. Rxh4 1-0

[Event "45th Olympiad 2024"]
[Site "Budapest HUN"]
[Date "2024.09.16"]
[Round "6.87"]
[Board "2"]
[White "Dacres, Don"]
[Black "Bongo Akanga Ndjila, Barthelemy"]
[Result "0-1"]
[WhiteElo "1863"]
[BlackElo "1894"]
[PlyCount "116"]
[EventDate "2024.09.11"]
[WhiteTeam "Bermuda"]
[BlackTeam "Gabon"]
[WhiteTeamCountry "BER"]
[BlackTeamCountry "GAB"]

1. e4 e6 2. d4 d5 3. Bd3 c5 4. c3 h5 $146 ({RR} 4... dxe4 5. Bxe4 Nf6 6. Bg5 cxd4 7. Qf3 Be7 8. Bxb7 Bxb7 9. Qxb7 Nbd7 10. cxd4 Rb8 11. Qxa7 Rxb2 12. Nd2 O-O 13. Ngf3 Qa8 14. Qxa8 Rxa8 15. a4 Nb6 16. O-O h6 17. Be3 Rxa4 18. Ne5 Rxa1 19. Rxa1 {0-1 Montgomery,H-Lichtenhein,T Match Lichtenhein-Montgomery +7-2=1 1861 (6)}) ({RR} 4... cxd4 5. cxd4 dxe4 6. Bxe4 Nf6 7. Bf3 Be7 8. Ne2 O-O 9. O-O Nbd7 10. Nbc3 Bd6 11. Ng3 h6 12. Nge4 Nxe4 13. Nxe4 Bc7 14. Qb3 Rb8 15. Be3 Nf6 16. Nxf6+ Qxf6 17. d5 b6 18. Qa3 exd5 19. Qxa7 {0-1 Arjun,V (2394)-Kosic,D (2482) Budapest FS10 GM 2007 (5)}) ({RR} 4... dxe4 5. Bxe4 Nf6 6. Bf3 Qc7 7. Ne2 Bd6 8. Na3 Bd7 9. Qb3 Bc6 10. Nb5 Qd7 11. Nxd6+ Qxd6 12. Bf4 Qe7 13. Bxc6+ Nxc6 14. dxc5 e5 15. Be3 Ng4 16. O-O O-O 17. Qc4 Nxe3 18. fxe3 Qg5 19. Rf3 {½-½ Koop,T (2145)-Mueller,C (1956) GER-ch U16 Oberhof 2013 (8)}) ({RR} 4... dxe4 5. Bxe4 Nf6 6. Bf3 Nc6 7. Ne2 Be7 8. O-O O-O 9. Be3 cxd4 10. Nxd4 Ne5 11. Nd2 Nd5 12. Qe2 Bd7 13. Rfe1 Nxf3+ 14. N2xf3 Bd6 15. c4 Nxe3 16. Qxe3 Rc8 17. Qd3 Bc6 18. Rad1 Bb4 19. Nxc6 {½-½ Suechting,H-Marshall,F Barmen Meister-A 1905 (11)}) 5. e5 Nc6 6. Nf3 Qc7 7. O-O b6 8. Be3 Bd7 9. a3 a5 10. Nbd2 c4 11. Bc2 b5 12. b4 cxb3 13. Nxb3 a4 14. Nbd2 Na5 15. Nb1 Nh6 16. Bxh6 Rxh6 17. Nfd2 O-O-O 18. f4 f6 19. Qe2 f5 20. Bd3 Qc6 21. Ra2 Nc4 22. Bxc4 dxc4 23. Nf3 Qd5 24. Ng5 Be8 25. Qf3 h4 26. Qxd5 Rxd5 27. Rff2 Be7 28. Nf3 h3 29. g3 Bh5 30. Nbd2 Bxf3 31. Nxf3 Kc7 32. Rf1 Kc6 33. Rb1 Rd7 34. Kf2 Rh8 35. Ke3 Rh5 36. Ke2 Rd5 37. Rbb2 Rh6 38. Ke3 Rg6 39. Kf2 Rh6 40. Rb1 Rh5 41. Rg1 g5 42. g4 fxg4 43. Rxg4 gxf4 44. Rxf4 Rd8 45. Rf7 Rg8 46. Kf1 Kd7 47. Rf2 Ke8 48. Nd2 Rg2 49. Rxe7+ Kxe7 50. Rxg2 hxg2+ 51. Kxg2 Rg5+ 52. Kf2 Rh5 53. Kg3 b4 54. Nxc4 bxc3 55. Ne3 Kd7 56. h4 Rh8 57. Nc2 Rb8 58. Nb4 Rxb4 0-1

[Event "45th Olympiad 2024"]
[Site "Budapest HUN"]
[Date "2024.09.16"]
[Round "6.88"]
[Board "2"]
[White "Tran, Tuan An"]
[Black "Samuel, Jhon"]
[Result "1-0"]
[WhiteElo "1916"]
[BlackElo "1545"]
[PlyCount "97"]
[EventDate "2024.09.11"]
[WhiteTeam "Guam"]
[BlackTeam "British Virgin Islands"]
[WhiteTeamCountry "GMA"]
[BlackTeamCountry "IVB"]

1. e4 c5 2. c3 Nc6 3. d4 cxd4 4. cxd4 d6 5. d5 Ne5 6. f4 ({RR} 6. h4 Nf6 7. f4 Neg4 8. Nc3 g6 9. Be2 h5 10. Nf3 Qb6 11. Qd4 Qxd4 12. Nxd4 Bg7 13. Bb5+ Bd7 14. Bxd7+ Nxd7 15. Nf3 O-O 16. Ng5 Nc5 17. Bd2 e6 18. a3 Bxc3 19. Bxc3 Nd3+ 20. Kd2 Nxf4 {1-0 Ernisson,P (1450)-Erlendsson Weinert,R Reykjavik Open 2024 (9.178)}) 6... Bg4 ({RR} 6... Ng6 7. Nf3 Nf6 8. Nc3 e6 9. Bb5+ Bd7 10. dxe6 fxe6 11. f5 exf5 12. exf5 Ne5 13. Nxe5 dxe5 14. Bg5 Bxb5 15. Qxd8+ Rxd8 16. Nxb5 Bb4+ 17. Ke2 O-O 18. g4 Rd5 19. Nc7 Rc5 20. Ne6 Rc2+ 21. Kd3 {1-0 Vlassov,N (2283)-Padmini,R (2389) Titled Tue 17th Jan Early 2023 (8)}) 7. Qb3 $146 ({RR} 7. fxe5 Bxd1 8. Bb5+ Qd7 9. Bxd7+ Kxd7 10. Kxd1 dxe5 11. Nf3 f6 12. Nc3 g5 13. h3 h5 14. Be3 Bh6 15. Ke2 a6 16. h4 g4 17. Nd2 b5 18. Bxh6 Nxh6 19. Rhf1 Rhf8 20. g3 Rf7 21. Rf2 Raf8 {1-0 White,N (1371)-Gustafsson,B London Classic op U1750 11th 2019 (3)}) 7... Ng6 8. f5 Ne5 9. h3 Nf6 10. hxg4 Nfxg4 11. Qxb7 f6 12. Nf3 Rb8 13. Qxa7 Ra8 14. Nxe5 Nxe5 15. Qd4 Rc8 16. Bf4 Qc7 17. Nc3 h5 18. Nb5 Qb7 19. Bxe5 fxe5 20. Qa7 Qxa7 21. Nxa7 Rc2 22. Nc6 Kf7 23. Nd8+ Kf6 24. Ne6 g5 25. Nxf8 Rxf8 26. Rxh5 Rb8 27. Rh3 Rbxb2 28. a4 Rc7 29. a5 Ra7 30. a6 g4 31. Re3 Kg5 32. g3 Kf6 33. Re2 Rb6 34. Rc2 Rb3 35. Kf2 Rf3+ 36. Kg2 Re3 37. Rb2 Rxe4 38. Rb7 Rxb7 39. axb7 Rb4 40. Ra7 Rb2+ 41. Kg1 Rb1 42. Kf2 Rb2+ 43. Ke3 Kxf5 44. Ba6 Rb3+ 45. Kd2 e4 46. Ra8 e3+ 47. Ke2 Rb2+ 48. Kxe3 Rb3+ 49. Bd3+ 1-0

[Event "45th Olympiad 2024"]
[Site "Budapest HUN"]
[Date "2024.09.16"]
[Round "6.91"]
[Board "2"]
[White "Carbonell, Nicolas"]
[Black "Roberts, Gennard"]
[Result "0-1"]
[WhiteElo "1798"]
[BlackElo "1582"]
[PlyCount "120"]
[EventDate "2024.09.11"]
[WhiteTeam "Burkina Faso"]
[BlackTeam "Grenada"]
[WhiteTeamCountry "BUR"]
[BlackTeamCountry "GRA"]

1. d4 Nf6 2. c4 g6 3. Nc3 Bg7 4. e4 d6 5. f4 c5 6. dxc5 Qa5 7. Bd2 Qxc5 8. Nf3 O-O 9. e5 $146 ({RR} 9. Bd3 Nc6 10. Qe2 Bg4 11. Be3 Qa5 12. O-O Nd7 13. Rac1 Nd4 14. Bxd4 Bxd4+ 15. Kh1 e6 16. Nb5 Bg7 17. a3 Qb6 18. b4 a6 19. Nc3 a5 20. Nb5 axb4 21. axb4 Bh6 22. h3 Bxf3 23. Qxf3 e5 {0-1 Luczynowicz,W-Kwapisz,S POL-ch11 Krakow 1953 (8)}) ({RR} 9. b4 Qc7 10. Bd3 Bg4 11. Rc1 Nc6 12. Nd5 Qd8 13. h3 Bxf3 14. Qxf3 Nd7 15. h4 e6 16. Ne3 h5 17. g4 Nf6 18. g5 Nd7 19. Bb1 Qb6 20. Nc2 Rac8 21. Kf1 a5 22. b5 Nd4 23. Nxd4 Qxd4 {½-½ Pribyl,J (2395)-Uhlmann,W (2475) Bundesliga 9394 1993 (13.2)}) ({RR} 9. Qe2 Nc6 10. Be3 Qa5 11. Qd2 Ng4 12. Bg1 Be6 13. h3 Nf6 14. Bd3 Nb4 15. Bd4 Nxd3+ 16. Qxd3 Nh5 17. Bxg7 Kxg7 18. Qd4+ Kg8 19. f5 Ng3 20. Rg1 gxf5 21. O-O-O Nxe4 22. Nxe4 fxe4 23. Qxe4 Qf5 {0-1 Krepkiy,I (1582)-Mukhtarova,V (1978) Kerkinitida Cup Blitz 2023 (12.14)}) ({RR} 9. Bd3 Nc6 10. Qe2 Nb4 11. Be3 Nxd3+ 12. Qxd3 Qb4 13. Rb1 Nxe4 14. O-O Nxc3 15. bxc3 Qxc3 16. Qe2 b6 17. Rbc1 Qa5 18. Nd4 Qh5 19. Qf2 Bd7 20. h3 Rac8 21. Nf3 h6 22. Kh2 b5 23. c5 Bc6 {0-1 Morena,W-Vaitonis,P Olympiad-11 Final B 1954 (3)}) 9... dxe5 10. fxe5 Ng4 11. Ne4 Qc7 12. Bc3 Nxe5 13. Nxe5 Bxe5 14. Qf3 Nc6 15. O-O-O Bxc3 16. Nxc3 Be6 17. Be2 Rfd8 18. Nd5 Bxd5 19. Rxd5 Rxd5 20. Qxd5 Rd8 21. Qf3 Nd4 22. Qe3 Nxe2+ 23. Qxe2 b5 24. Re1 e6 25. Rd1 Rxd1+ 26. Kxd1 Qxc4 27. Qxc4 bxc4 28. Kc2 Kf8 29. Kc3 Ke7 30. Kxc4 Kd6 31. b4 e5 32. b5 e4 33. a4 e3 34. Kd3 Kc5 35. Kxe3 Kb4 36. Kd4 Kxa4 37. Kc4 f5 38. h4 h6 39. Kc5 Ka5 40. Kc4 g5 41. g3 gxh4 42. gxh4 f4 43. Kd4 Kxb5 44. Ke4 a5 45. Kxf4 Kb4 46. Kg4 a4 47. Kh5 a3 48. Kxh6 a2 49. Kh7 a1=Q 50. h5 Qa7+ 51. Kg6 Qb6+ 52. Kg7 Qc7+ 53. Kg6 Qg3+ 54. Kh7 Qc7+ 55. Kg6 Qd6+ 56. Kg7 Qe7+ 57. Kg6 Qe6+ 58. Kg7 Qe7+ 59. Kh6 Qf7 60. Kg5 Kc5 0-1

[Event "45th Olympiad 2024"]
[Site "Budapest HUN"]
[Date "2024.09.19"]
[Round "8.53"]
[Board "4"]
[White "Pg. Shahridin, Ak. Abdul Wafie"]
[Black "Kassis, Antoine LIB"]
[Result "0-1"]
[WhiteElo "1912"]
[BlackElo "2085"]
[PlyCount "60"]
[EventDate "2024.09.11"]
[WhiteTeam "Brunei Darussalam"]
[BlackTeam "Lebanon"]
[BlackTeamCountry "LBN"]

1. e4 c5 2. Nf3 d6 3. Bb5+ Nc6 4. O-O Bd7 5. Re1 Nf6 6. c3 a6 7. Bf1 Bg4 8. d4 e5 ({RR} 8... Bxf3 9. gxf3 cxd4 10. cxd4 e6 11. Nc3 d5 12. Bg5 Be7 13. Bxf6 Bxf6 14. exd5 Nxd4 15. Re4 Nf5 16. dxe6 O-O 17. exf7+ Kh8 18. Qd5 Nd6 19. Re6 Nxf7 20. f4 Bxc3 21. Qxd8 Nxd8 {0-1 Giri,A (2761)-Xiong,J (2688) Chess.com Rapid Wk14 Swiss 2022 (7)}) 9. d5 Ne7 ({RR} 9... Nb8 10. h3 Bh5 11. a4 Be7 12. Bd3 O-O 13. Nbd2 Nbd7 14. a5 Qc7 15. Qe2 Rac8 16. Nc4 Rfe8 17. Be3 Bg6 18. Nfd2 Nh5 19. g3 Bd8 20. b4 Nhf6 21. Rec1 Qb8 22. f3 Nh5 23. Kh2 Rf8 24. Rab1 {1-0 Meng,Y (2042)-Wang,H (2170) ch-CHN Personal GpB m 2024 (9.5)}) 10. a4 Ng6 $146 ({RR} 10... b6 11. h3 Bc8 12. Nbd2 Ng6 13. b4 Be7 14. Nc4 a5 15. Bd2 O-O 16. Rb1 Nd7 17. bxc5 bxc5 18. g3 h6 19. Nh2 Ba6 20. h4 Re8 21. Qf3 Ra7 22. Ng4 Nf6 23. Nge3 Bf8 24. Nf5 Nh7 25. Rb3 {1-0 Mareco,S (2634)-Llorens Sepulveda,M (2257) Arica op 7th 2021 (3)}) ({RR} 10... g6 11. Na3 Bg7 12. h3 Bd7 13. Nc4 Nc8 14. b4 cxb4 15. cxb4 O-O 16. Bg5 h6 17. Bh4 Qe8 18. Nfd2 Rb8 19. a5 Nh5 20. Rc1 Nf4 21. Qb3 Kh8 22. Nb6 Nxb6 23. axb6 g5 24. Bg3 Bf6 25. Nc4 {0-1 Bancod,R (2356)-Dao,T (2546) Subic Bay op 2009 (1)}) ({RR} 10... b6 11. h3 Bd7 12. Na3 Ng6 13. Nc4 Be7 14. b4 Rb8 15. bxc5 bxc5 16. a5 Bb5 17. Nb6 O-O 18. Nd2 Qc7 19. Rb1 Bxf1 20. Rxf1 Nd7 21. Ndc4 f5 22. Nxd7 Qxd7 23. Rxb8 Rxb8 24. Nb6 Qb5 25. exf5 {1-0 Nasuta,G (2542)-Bach,N (2164) 20th BCC Open 2022 (3.8)}) 11. Bg5 Be7 12. Bxf6 Bxf6 13. Nbd2 O-O 14. a5 Be7 15. h3 Bd7 16. Nc4 f5 17. Nb6 fxe4 18. Nxd7 Qxd7 19. Rxe4 Rf7 20. g3 Qf5 21. Re3 e4 22. g4 Qf6 23. Qc2 exf3 24. Bd3 Qh4 25. Bxg6 hxg6 26. Kh2 Bg5 27. Re4 Bf4+ 28. Rxf4 Rxf4 29. Rg1 Re8 30. Qd2 Re2 0-1

[Event "45th Olympiad 2024"]
[Site "Budapest HUN"]
[Date "2024.09.20"]
[Round "9.3"]
[Board "3"]
[White "Yu, Yangyi"]
[Black "Daneshvar, Bardiya"]
[Result "1/2-1/2"]
[WhiteElo "2703"]
[BlackElo "2598"]
[PlyCount "64"]
[EventDate "2024.09.11"]
[WhiteTeam "China"]
[BlackTeam "Iran"]
[WhiteTeamCountry "CHN"]
[BlackTeamCountry "IRI"]

1. c4 c6 2. d4 d5 3. Nf3 Nf6 4. e3 Bf5 5. Nc3 e6 6. Nh4 Be4 7. f3 Bg6 8. Bd2 Nbd7 9. Nxg6 ({RR} 9. Qb3 Rb8 10. Nxg6 hxg6 11. cxd5 exd5 12. e4 dxe4 13. fxe4 Be7 14. e5 Ng4 15. Bc4 O-O 16. Rf1 Bh4+ 17. g3 Bg5 18. Bxf7+ Kh8 19. O-O-O c5 20. Qe6 Nh6 21. Qxg6 Bxd2+ 22. Rxd2 cxd4 23. Rxd4 Qe7 {½-½ So,W (2770)-Vachier Lagrave,M (2778) Clutch-ch June rapid 2020 (1.1)}) 9... hxg6 10. cxd5 ({RR} 10. Qc2 Bd6 11. O-O-O Qc7 12. g4 O-O-O 13. g5 Nh5 14. Be1 Ng3 15. Bxg3 Bxg3 16. f4 Bh4 17. Rg1 Kb8 18. Rg2 Nb6 19. c5 Nc8 20. Bd3 Ne7 21. Ne2 f6 22. Bxg6 fxg5 23. fxg5 e5 24. Bf7 Qd7 {1-0 Fedoseev,V (2690)-Hinterreiter,M (2260) GRENKE Chess Open 2024 (2.3)}) 10... Nxd5 11. Nxd5 $146 ({RR} 11. e4 N5f6 12. e5 Nd5 13. Nxd5 cxd5 14. Bc3 Be7 15. Bd3 Nb8 16. Qb3 Qd7 17. O-O a6 18. f4 Nc6 19. a3 b5 20. Rad1 Qa7 21. Be2 Qb6 22. Rf3 Rc8 23. g4 g5 24. Kg2 gxf4 25. Rxf4 Bg5 {1-0 Likavsky,T (2482)-Virostko,P (2290) CZE-chT 0405 2004 (8.7)}) ({RR} 11. e4 Nxc3 12. bxc3 Bd6 13. f4 Bc7 14. Qf3 c5 15. Rb1 Bb6 16. d5 exd5 17. e5 c4 18. Qxd5 O-O 19. Bxc4 Qc7 20. Be2 Rfe8 21. Qc4 Qd8 22. Rb5 Rc8 23. Qd3 Qe7 24. Rd5 Nc5 25. Qf3 Ne6 {½-½ Dardha,D (2619)-Hamitevici,V (2493) TCh-FRA Top 16 GpA 2023 (6.4)}) ({RR} 11. Qb3 Qc7 12. O-O-O O-O-O 13. g3 Kb8 14. Kb1 Nxc3+ 15. Bxc3 Bd6 16. Be2 Nf6 17. e4 Nd7 18. f4 Be7 19. h4 Ka8 20. Bf3 Rhe8 21. Rc1 Qb6 22. Qc2 Bb4 23. Rhd1 Bxc3 24. Qxc3 Nf6 25. Rd3 Rd7 {1-0 Keymer,V (2696)-Riff,V (2382) Titled Tue 13th Dec Late 2022 (4)}) 11... exd5 12. Qc2 Qc7 13. O-O-O O-O-O 14. e4 dxe4 15. fxe4 Rxh2 16. Rxh2 Qxh2 17. Bc4 f6 18. Be6 Qd6 19. d5 Kb8 20. Kb1 Qc7 21. dxc6 bxc6 22. Bc3 Nc5 23. Bg4 Rxd1+ 24. Bxd1 Bd6 25. Bd4 Nb7 26. Qc4 Be5 27. Bxe5 fxe5 28. Ba4 Nd8 29. Qc5 Kb7 30. Bb3 Qb6 31. Qe7+ Kc8 32. Be6+ Nxe6 1/2-1/2

[Event "45th Olympiad 2024"]
[Site "Budapest HUN"]
[Date "2024.09.20"]
[Round "9.12"]
[Board "4"]
[White "Muradli, Mahammad"]
[Black "Kelires, Andreas"]
[Result "1/2-1/2"]
[WhiteElo "2576"]
[BlackElo "2536"]
[PlyCount "106"]
[EventDate "2024.09.11"]
[WhiteTeam "Azerbaijan"]
[BlackTeam "Greece"]
[WhiteTeamCountry "AZE"]
[BlackTeamCountry "GRE"]

1. d4 Nf6 2. c4 e6 3. Nf3 d5 4. Nc3 Bb4 5. cxd5 exd5 6. Bf4 Ne4 7. Rc1 Nc6 8. h4 ({RR} 8. Nd2 g5 9. Be3 Nxc3 10. bxc3 Ba3 11. Rb1 f5 12. g3 O-O 13. f4 Qe7 14. Bf2 gxf4 15. Bg2 Bd6 16. Bxd5+ Kh8 17. Nf3 Nd8 18. Qd2 c6 19. Bb3 Ne6 20. d5 cxd5 21. Bxd5 fxg3 22. hxg3 f4 {1-0 Carlsen,M (2863)-Grischuk,A (2777) Saint Louis Blitz 2020 (6)}) 8... Nxc3 $146 ({RR} 8... Bf5 9. e3 Nxc3 10. bxc3 Ba3 11. Rb1 Bxb1 12. Qxb1 Rb8 13. Qb3 Be7 14. Bd3 h6 15. Rh3 Kf8 16. Kf1 b5 17. h5 Na5 18. Qd1 Nc4 19. Bc2 Rb6 20. Qd3 Bd6 21. Ne5 Nxe5 22. dxe5 Be7 23. Qf5 {0-1 Mekhitarian,K (2560)-Lobanov,S (2506) Abu Dhabi Masters Online 2024 (8)}) ({RR} 8... Bf5 9. e3 Nxc3 10. bxc3 Ba3 11. Rb1 Bxb1 12. Qxb1 Rb8 13. Qb3 Bd6 14. Qxd5 Bxf4 15. Qe4+ Qe7 16. Qxf4 Qa3 17. Qe4+ Ne7 18. Qc2 Nd5 19. c4 Nc3 20. c5 b6 21. Bc4 bxc5 22. O-O O-O 23. h5 {½-½ Van Foreest,J (2681)-Giri,A (2764) 85th Tata Steel Masters 2023 (12.2)}) 9. bxc3 Bd6 10. Bxd6 Qxd6 11. e3 Ne7 12. g3 Bg4 13. Bg2 O-O 14. Qd2 Bxf3 15. Bxf3 b5 16. O-O f5 17. a4 a6 18. Ra1 c6 19. Ra2 Rab8 20. Rfa1 Rb6 21. axb5 cxb5 22. h5 Rf6 23. Kg2 Qd7 24. Qd1 Rfc6 25. Ra3 Qd6 26. Qh1 Kf8 27. Qh3 Qf6 28. g4 g6 29. hxg6 hxg6 30. Qh6+ Ke8 31. Be2 Kd8 32. g5 Qd6 33. Qg7 Kc8 34. Bf3 Kb7 35. Rb3 Rc7 36. Rba3 Qe6 37. Qh6 Nc8 38. Qh8 Nd6 39. Qd8 Ne4 40. Bxe4 fxe4 41. Rh1 Rd6 42. Qh8 Qg4+ 43. Kf1 Qd1+ 44. Kg2 Qf3+ 45. Kg1 Rf7 46. Ra2 Rdd7 47. Qg8 Qd1+ 48. Kg2 Qg4+ 49. Kf1 Qd1+ 50. Kg2 Qf3+ 51. Kg1 Qd1+ 52. Kg2 Qf3+ 53. Kg1 Qd1+ 1/2-1/2

[Event "45th Olympiad 2024"]
[Site "Budapest HUN"]
[Date "2024.09.20"]
[Round "9.30"]
[Board "3"]
[White "Junior, Domingos"]
[Black "Zhao, Zong-Yuan"]
[Result "1/2-1/2"]
[WhiteElo "2183"]
[BlackElo "2478"]
[PlyCount "317"]
[EventDate "2024.09.11"]
[WhiteTeam "Angola"]
[BlackTeam "Australia"]
[WhiteTeamCountry "ANG"]
[BlackTeamCountry "AUS"]

1. e4 c5 2. Nf3 d6 3. d4 cxd4 4. Nxd4 Nf6 5. Nc3 a6 6. Be2 e5 7. Nb3 Be7 8. Be3 Be6 9. Nd5 Nxd5 10. exd5 Bf5 11. c4 O-O 12. O-O Nd7 13. Kh1 ({RR} 13. f4 exf4 14. Bxf4 Bg6 15. Qd2 Bf6 16. Bxd6 Re8 17. c5 Ne5 18. Rae1 b6 19. Kh1 bxc5 20. Bxc5 a5 21. Bb5 a4 22. Nc1 Ra5 23. Bxe8 Rxc5 24. Bxa4 Rxd5 25. Qe3 h6 26. Bb3 Rd2 27. Re2 Rxe2 {1-0 Morefield,J (2209)-Womacka,M (2360) Titled Tue 7th May Late 2024 (4)}) 13... Bg5 14. f4 $146 ({RR} 14. Rc1 Bxe3 15. fxe3 Qg5 16. Bd3 e4 17. Bb1 Ne5 18. Nd4 Bg6 19. Rf4 Rac8 20. Qf1 Nd3 21. Bxd3 exd3 22. b3 b5 23. Nc6 bxc4 24. bxc4 Rb8 25. Qf2 Rfe8 26. Nxb8 Rxb8 27. h3 h5 28. c5 Qxd5 {1-0 Fiorito,F (2348)-Dyulgerov,V (2200) Titled Tue 10th Oct Late 2023 (1)}) 14... exf4 15. Bxf4 Bxf4 16. Rxf4 Bg6 17. Bd3 Qg5 18. Rf1 Ne5 19. Bxg6 hxg6 20. Qd4 Rfe8 21. Na5 b5 22. Rae1 Rec8 23. b3 bxc4 24. Nxc4 Nxc4 25. bxc4 Rc7 26. Rf3 Rac8 27. Rc3 Rc5 28. Kg1 a5 29. Qe4 Qd8 30. Rce3 Rxc4 31. Qxc4 Rxc4 32. Re8+ Qxe8 33. Rxe8+ Kh7 34. Rd8 Rc1+ 35. Kf2 Rc2+ 36. Kf3 Rxa2 37. Rxd6 Rd2 38. Rd8 g5 39. d6 f5 40. h3 Kg6 41. Ra8 Rd3+ 42. Ke2 Rxd6 43. Rxa5 Kf6 44. Ke3 Rb6 45. Kf3 Kg6 46. Rc5 Ra6 47. Rb5 Kf6 48. Kf2 g6 49. Kf3 Ra3+ 50. Kf2 Ra4 51. Rb6+ Kg7 52. Kf3 Re4 53. Ra6 Kf7 54. Rb6 Re6 55. Rb5 Kf6 56. Ra5 Rb6 57. Kf2 Ke6 58. Kf3 Kf6 59. Kf2 Rc6 60. Kf3 Rc4 61. Rb5 Kg7 62. Rb7+ Kh6 63. Rb8 g4+ 64. hxg4 Rxg4 65. Rb3 Kh5 66. Rb8 Ra4 67. Rh8+ Kg5 68. g3 Ra6 69. Rh4 Re6 70. Rh8 Re1 71. Rh4 Rf1+ 72. Kg2 Ra1 73. Kf3 Ra8 74. Kf2 Rd8 75. Kf3 Rd6 76. Ra4 Rc6 77. Rh4 Rc3+ 78. Kf2 Rd3 79. Rf4 Kf6 80. Ra4 Ke5 81. Ra6 g5 82. Ra2 Rc3 83. Ra5+ Ke4 84. Ra4+ Kd3 85. Ra5 Rc2+ 86. Kf3 g4+ 87. Kf4 Rf2+ 88. Kg5 Ke4 89. Ra4+ Ke3 90. Ra5 Rf3 91. Kh4 Kf2 92. Ra2+ Kg1 93. Ra1+ Rf1 94. Ra5 Kg2 95. Ra2+ Rf2 96. Ra3 Kh2 97. Rb3 Re2 98. Ra3 Rd2 99. Rb3 Kg2 100. Ra3 Re2 101. Ra5 Rf2 102. Ra3 Rf1 103. Ra2+ Kg1 104. Ra5 Kh1 105. Ra2 Kg1 106. Ra5 Rf2 107. Ra1+ Kh2 108. Ra3 Rd2 109. Rb3 Ra2 110. Rc3 Kg1 111. Rc1+ Kf2 112. Rc4 Ra3 113. Rc2+ Kf3 114. Rc4 Ra2 115. Rb4 Rd2 116. Ra4 Rd5 117. Ra3+ Ke4 118. Ra4+ Rd4 119. Ra8 Rd6 120. Ra4+ Ke5 121. Kg5 Rd8 122. Kh4 Rd7 123. Kg5 Rh7 124. Rb4 Rh8 125. Ra4 Rb8 126. Rc4 Rg8+ 127. Kh4 Kf6 128. Rc6+ Ke5 129. Rc4 Ra8 130. Rb4 Rd8 131. Kg5 Rd7 132. Ra4 Rg7+ 133. Kh4 Rg8 134. Rb4 Ra8 135. Kg5 Ra7 136. Rc4 Rg7+ 137. Kh4 Rg6 138. Ra4 Rh6+ 139. Kg5 Rh8 140. Rb4 Ra8 141. Rc4 Kd5 142. Rf4 Ke6 143. Rxf5 Rg8+ 144. Kf4 Rg6 145. Ra5 Kf7 146. Ra7+ Kg8 147. Kf5 Rg7 148. Ra4 Kh7 149. Re4 Rg6 150. Re8 Rg7 151. Rf8 Rg6 152. Rf7+ Rg7 153. Kf6 Rxf7+ 154. Kxf7 Kh6 155. Kf6 Kh5 156. Kf5 Kh6 157. Kxg4 Kg6 158. Kf4 Kf6 159. g4 1/2-1/2